Study of slums in Visakhapatnam to evolve the strategy for integrated developmen (Record no. 21453)

MARC details
000 -LEADER
fixed length control field 00321nam a2200121Ia 4500
082 ## - DEWEY DECIMAL CLASSIFICATION NUMBER
Classification number RE.0003
100 ## - MAIN ENTRY--AUTHOR NAME
Personal name Eswara Reddy, V.
245 #0 - TITLE STATEMENT
Title Study of slums in Visakhapatnam to evolve the strategy for integrated developmen
260 ## - PUBLICATION, DISTRIBUTION, ETC. (IMPRINT)
Year of publication 0
300 ## - PHYSICAL DESCRIPTION
Number of Pages 158p.
942 ## - ADDED ENTRY ELEMENTS (KOHA)
Koha item type Books
Holdings
Withdrawn status Lost status Damaged status Not for loan Home library Current library Date acquired Full call number Accession Number Price effective from Koha item type
        NASSDOC Library NASSDOC Library 08/10/2004 RE.0003 13319 18/04/2019 Books